[Event "Reykjavik op"]
[Site "Reykjavik"]
[Date "2024.03.20"]
[Round "8"]
[White "Gilsdottir, Sara"]
[Black "Owen, Garth I"]
[Result "0-1"]
[WhiteElo "1667"]
[BlackElo "1834"]
[PlyCount "66"]
[EventDate "2024.03.15"]
[EventType "swiss"]
[EventRounds "9"]
[EventCountry "ISL"]
[SourceTitle "CBM 219 Extra"]
[Source "ChessBase"]
[SourceDate "2024.05.31"]
[SourceVersion "1"]
[SourceVersionDate "2024.05.31"]
[SourceQuality "1"]

1. d4 Nf6 2. c4 g6 3. Nc3 Bg7 4. e4 d6 5. f3 0-0 6. Be3 Nbd7 7. Qd2 c5 8. Nge2 Qc7 9. Bh6 a6 10. h4 cxd4 11. Nd5 Nxd5 12. cxd5 e5 13. h5 Bxh6 14. Qxh6 Qa5+ 15. Qd2 Qxd2+ 16. Kxd2 a5 17. Nc1 Nc5 18. Bb5 f5 19. hxg6 hxg6 20. Rh4 fxe4 21. fxe4 g5 22. Rh2 Nxe4+ 23. Kd3 Bf5 24. Ke2 Rac8 25. Ba4 Bg6 26. Nd3 Ng3+ 27. Kd2 Nf1+ 28. Rxf1 Rxf1 29. Bd7 Rcf8 30. Ke2 e4 31. Be6+ Kg7 32. Ne1 R8f2+ 33. Kd1 e3 0-1

[Event "Reykjavik op"]
[Site "Reykjavik"]
[Date "2024.03.15"]
[Round "1"]
[White "Gilsdottir, Sara"]
[Black "Fanos, Haralambos"]
[Result "0-1"]
[WhiteElo "1667"]
[BlackElo "1872"]
[PlyCount "76"]
[EventDate "2024.03.15"]
[EventType "swiss"]
[EventRounds "9"]
[EventCountry "ISL"]
[SourceTitle "CBM 219 Extra"]
[Source "ChessBase"]
[SourceDate "2024.05.31"]
[SourceVersion "1"]
[SourceVersionDate "2024.05.31"]
[SourceQuality "1"]

1. d4 d5 2. c4 e6 3. Nc3 c6 4. Nf3 dxc4 5. a4 Bb4 6. Bd2 a5 7. e3 b5 8. Be2 Bb7 9. 0-0 Nf6 10. Qc2 Bxc3 11. bxc3 Qc7 12. e4 Nbd7 13. e5 Nd5 14. Ng5 N7b6 15. f4 Ne7 16. Bh5 g6 17. Bf3 Nbd5 18. Bxd5 Nxd5 19. Ne4 h6 20. Nd6+ Kf8 21. axb5 cxb5 22. Rf2 Ba6 23. Qa2 b4 24. Qxa5 Bb7 25. Qxa8+ Bxa8 26. Rxa8+ Kg7 27. Rxh8 Kxh8 28. cxb4 c3 29. Bc1 Nxb4 30. Ba3 c2 31. Bc1 Qa7 32. Nb5 Qa1 33. Rf1 Nd3 34. Na3 Qxd4+ 35. Kh1 Nf2+ 36. Kg1 Nh3+ 37. Kh1 Qg1+ 38. Rxg1 Nf2# 0-1

[Event "Fagernes op-B"]
[Site "Fagernes"]
[Date "2023.04.08"]
[Round "8"]
[White "Selvik, Elma"]
[Black "Gilsdottir, Sara"]
[Result "1/2-1/2"]
[WhiteElo "1614"]
[BlackElo "1422"]
[PlyCount "135"]
[EventDate "2023.04.02"]
[EventType "swiss"]
[EventRounds "9"]
[EventCountry "NOR"]
[SourceTitle "CBM 213 Extra"]
[Source "ChessBase"]
[SourceDate "2023.05.31"]
[SourceVersion "1"]
[SourceVersionDate "2023.05.31"]
[SourceQuality "1"]

1. e4 c6 2. d3 d5 3. Nd2 e5 4. Ngf3 Bg4 5. h3 Bxf3 6. Qxf3 Bc5 7. exd5 cxd5 8. g3 Nf6 9. Bg2 Nc6 10. c3 0-0 11. 0-0 Re8 12. Re1 Qd7 13. Nb3 Be7 14. Bg5 Rad8 15. Rad1 Qc7 16. h4 h6 17. Bxf6 Bxf6 18. Bh3 b6 19. Nd2 a5 20. Qh5 Qe7 21. Nf3 Kh7 22. Nh2 g6 23. Qf3 h5 24. Bg2 Qd6 25. g4 e4 26. dxe4 Ne5 27. Qg3 Nxg4 28. Nxg4 hxg4 29. exd5 Qxg3 30. fxg3 Re5 31. Rxe5 Bxe5 32. Kh2 Kh6 33. Rd3 f6 34. b3 Bd6 35. Re3 Be5 36. c4 Kg7 37. Bf1 Bd6 38. Be2 Rh8 39. Kg2 f5 40. Re6 Bc5 41. Bd3 Kf7 42. a3 Bd4 43. b4 axb4 44. axb4 Rh7 45. Rc6 Rh8 46. c5 bxc5 47. bxc5 Ra8 48. Rc7+ Kf6 49. d6 Ra2+ 50. Kf1 Ra1+ 51. Ke2 Ra2+ 52. Kd1 Ra1+ 53. Kd2 Ra2+ 54. Bc2 Ra5 55. d7 Ke7 56. c6 Rd5 57. Rc8 Bb6+ 58. Bd3 Bd8 59. c7 Bxc7 60. Rxc7 Rxd7 61. Rxd7+ Kxd7 62. Ke3 Ke7 63. h5 gxh5 64. Bxf5 Kf6 65. Bc8 Kg5 66. Bxg4 h4 67. Kf3 hxg3 68. Kxg3 1/2-1/2

[Event "Fagernes op-B"]
[Site "Fagernes"]
[Date "2023.04.07"]
[Round "7"]
[White "Gilsdottir, Sara"]
[Black "Ji, Jiabao Eivind"]
[Result "0-1"]
[WhiteElo "1422"]
[BlackElo "1689"]
[PlyCount "86"]
[EventDate "2023.04.02"]
[EventType "swiss"]
[EventRounds "9"]
[EventCountry "NOR"]
[SourceTitle "CBM 213 Extra"]
[Source "ChessBase"]
[SourceDate "2023.05.31"]
[SourceVersion "1"]
[SourceVersionDate "2023.05.31"]
[SourceQuality "1"]

1. d4 d5 2. c4 c6 3. Nf3 Nf6 4. Qc2 e6 5. Bg5 Nbd7 6. Nc3 h6 7. Bxf6 Nxf6 8. e3 Be7 9. Rd1 0-0 10. cxd5 exd5 11. h3 Be6 12. Bd3 Qd7 13. Ne5 Qc7 14. 0-0 c5 15. Qb1 c4 16. Bc2 Rab8 17. a4 a6 18. Rc1 b5 19. axb5 axb5 20. Ne2 b4 21. Ng3 b3 22. Bf5 Bxf5 23. Qxf5 Ra8 24. e4 Ra4 25. exd5 Nxd5 26. Nh5 Bg5 27. Rce1 Ne7 28. Qf3 Ng6 29. Qd1 Nxe5 30. Rxe5 Qd6 31. Rfe1 g6 32. Ng3 Bf6 33. Ne4 Qb6 34. Nxf6+ Qxf6 35. Rc5 Rd8 36. Rce5 Ra2 37. R1e2 Rxb2 38. Rxb2 Qxe5 39. Rd2 Qd5 40. Kf1 c3 41. Rd3 c2 42. Qc1 Rc8 43. Rd2 b2 0-1

[Event "Fagernes op-B"]
[Site "Fagernes"]
[Date "2023.04.05"]
[Round "5"]
[White "Gilsdottir, Sara"]
[Black "Stokhaug, Jon Arne"]
[Result "1/2-1/2"]
[WhiteElo "1422"]
[BlackElo "1843"]
[PlyCount "76"]
[EventDate "2023.04.02"]
[EventType "swiss"]
[EventRounds "9"]
[EventCountry "NOR"]
[SourceTitle "CBM 213 Extra"]
[Source "ChessBase"]
[SourceDate "2023.05.31"]
[SourceVersion "1"]
[SourceVersionDate "2023.05.31"]
[SourceQuality "1"]

1. d4 Nf6 2. c4 e6 3. Nf3 d5 4. e3 Be7 5. Be2 0-0 6. 0-0 c6 7. Nc3 dxc4 8. Bxc4 b5 9. Bd3 Bb7 10. b3 a6 11. Bb2 Nbd7 12. Rc1 c5 13. Be2 Qb6 14. Rc2 Rfd8 15. Qc1 Ne4 16. Rd1 Rac8 17. Qa1 cxd4 18. Nxd4 Bf6 19. Nxe4 Bxe4 20. Rcd2 Nf8 21. h3 Qa5 22. Nf3 Bxb2 23. Qxb2 Ng6 24. Rxd8+ Rxd8 25. Rxd8+ Qxd8 26. Nd4 Qa5 27. b4 Qc7 28. Nb3 Bb7 29. Nc5 Bc8 30. Qd2 h6 31. g3 Ne5 32. Kf1 Nc6 33. a3 Qe5 34. Qc1 Qd5 35. Kg1 e5 36. Bf1 Ne7 37. Bg2 Qd6 38. h4 Qd8 1/2-1/2